[Event "Corum op"]
[Site "Corum"]
[Date "2016.05.27"]
[Round "7"]
[White "Aslan, Huseyin"]
[Black "Karaahmetoglu, Ege"]
[Result "1/2-1/2"]
[WhiteElo "1576"]
[BlackElo "2008"]
[PlyCount "69"]
[EventDate "2016.05.23"]
[EventType "swiss"]
[EventRounds "9"]
[EventCountry "TUR"]
[SourceTitle "CBM 172 Extra"]
[Source "ChessBase"]
[SourceDate "2016.06.21"]
[SourceVersion "1"]
[SourceVersionDate "2016.06.21"]
[SourceQuality "1"]

1. e4 e5 2. Nf3 Nc6 3. Bb5 f5 4. d3 fxe4 5. dxe4 Nf6 6. 0-0 d6 7. Nc3 Be7 8. h3 0-0 9. Ne2 Nh5 10. Nh2 Bd7 11. f4 Nxf4 12. Nxf4 exf4 13. Bxf4 Kh8 14. Qd2 Bf6 15. c3 Qe7 16. Bd3 Ne5 17. Bxe5 Bxe5 18. Nf3 Bf4 19. Qc2 Rae8 20. Rae1 g6 21. Qf2 a6 22. Qd4+ Qg7 23. Qxg7+ Kxg7 24. Nd4 Rf6 25. Rf3 Be5 26. Ref1 Ref8 27. Rxf6 Rxf6 28. Rxf6 Kxf6 29. Kf2 Ke7 30. Bc4 c6 31. Kf3 Bf6 32. Ne2 Be6 33. Bxe6 Kxe6 34. Nf4+ Kf7 35. g3 1/2-1/2

[Event "TUR-chT2"]
[Site "Konya"]
[Date "2014.06.24"]
[Round "3.10"]
[White "Kamer, Kayra"]
[Black "Aslan, Huseyin"]
[Result "1-0"]
[WhiteElo "1800"]
[BlackElo "1618"]
[PlyCount "47"]
[EventDate "2014.06.23"]
[EventType "team-swiss"]
[EventRounds "9"]
[EventCountry "TUR"]
[SourceTitle "CBM 161 Extra"]
[Source "ChessBase"]
[SourceDate "2014.08.29"]
[SourceVersion "1"]
[SourceVersionDate "2014.08.29"]
[SourceQuality "1"]
[WhiteTeam "Bursa"]
[BlackTeam "Sader"]
[WhiteTeamCountry "TUR"]
[BlackTeamCountry "TUR"]

1. Nc3 c5 2. e4 Nc6 3. f4 d6 4. Nf3 g6 5. Bc4 Bg7 6. 0-0 e6 7. d3 Nge7 8. Qe1 Bd7 9. a4 Nd4 10. Nxd4 Bxd4+ 11. Kh1 Nc6 12. f5 Qe7 13. Nb5 0-0-0 14. Bf4 e5 15. f6 Qf8 16. Bd2 a6 17. c3 axb5 18. axb5 Nb8 19. cxd4 cxd4 20. Bb3 g5 21. Bc1 g4 22. Ra8 d5 23. Bxd5 Bxb5 24. Qa5 1-0